|
|
|
|
| LEADER |
00000cam a2200000 a 4500 |
| 001 |
vtls012016745 |
| 003 |
SK-MaSNL |
| 005 |
20260301104050.0 |
| 007 |
fb a un a |
| 008 |
240318s2021 xo ff 000 f slo |
| 015 |
|
|
|a SNBK2021
|
| 020 |
|
|
|a 9788018095980
|
| 040 |
|
|
|a SNK
|b slo
|c SNK
|e AACR2
|
| 041 |
0 |
|
|a slo
|
| 044 |
|
|
|a xo
|c SK
|
| 072 |
|
7 |
|a 821.162.4-3
|x Slovenská próza
|2 konspekt
|
| 080 |
|
|
|a 821.162.4-31
|2 2011
|
| 080 |
|
|
|a (0:82-312.5)
|2 2011
|
| 080 |
|
|
|a (0:003.24)
|2 2011
|
| 080 |
|
|
|a (0:82-311.6)
|2 2011
|
| 100 |
1 |
|
|a Pronská, Jana,
|d 1972-
|4 aut
|9 52123
|
| 245 |
1 |
0 |
|a Rytierova česť
|h Braillovo písmo
|c Jana Pronská ; [korektor: Želmíra Zemčáková]
|
| 260 |
|
|
|a Levoča
|b Slovenská knižnica pre nevidiacich Mateja Hrebendu
|b Slovo
|c 2021
|
| 300 |
|
|
|a 4 zv. v Braillovom písme
|c 26 x 32 cm
|
| 520 |
8 |
|
|a Keď sa rytier Filip po rokoch vráti domov z vojny, namiesto radostného zvítania s rodinou ho čaká obraz skazy. Z jeho sídla zostali len ruiny, syn a žena sú mŕtvi. A keď vysvitne, že o šťastie ho pripravili intrigy jeho súrodencov, v duši sa mu usídli nenávisť a zanevrie na celý svet. Jeho pustovnícky život sa však skončí, keď mu osud privedie do cesty sokoliarovu chovanicu Katarínu. Len čo sa Filip dozvie, že krásna Katarína má nemanželskú dcéru s jeho starším bratom, ožení sa s ňou a začne kuť pomstu
|
| 655 |
|
7 |
|a publikácie pre nevidiacich
|2 SNKPH
|9 70695
|
| 655 |
|
7 |
|a publikácie v Braillovom písme
|2 SNKPH
|9 222610
|
| 655 |
|
7 |
|a slovenské romány
|2 SNKPH
|9 70324
|
| 655 |
|
7 |
|a historické romány
|2 SNKPH
|9 70253
|
| 655 |
|
7 |
|a ľúbostné romány
|2 SNKPH
|9 70497
|
| 700 |
1 |
|
|a Zemčáková, Želmíra,
|d 1975-
|4 pfr
|9 190370
|
| 787 |
0 |
8 |
|i Podľa knihy:
|t Rytierova česť
|d Bratislava : Slovenský spisovateľ, 2014
|z 978-80-220-1810-4
|
| 919 |
|
|
|a 978-80-18-09598-0
|
| 958 |
|
|
|a SX
|
| 958 |
|
|
|a LX
|
| 999 |
|
|
|c 697156
|d 699086
|
| 952 |
|
|
|a SNK
|b SNK
|y PREZ
|7 0
|p 17A1466802
|o snkOSB 20405/1
|i snk2021/15339
|8 0
|0 0
|1 0
|4 0
|d 2021-10-13
|l 0
|r 2026-02-23 20:45:55
|w 2026-02-23
|
| 952 |
|
|
|a SNK
|b SNK
|y PREZ
|7 0
|p 17A1466803
|o snkOSB 20405/2
|i snk2021/15340
|8 0
|0 0
|1 0
|4 0
|d 2021-10-13
|l 0
|r 2026-02-23 20:45:55
|w 2026-02-23
|
| 952 |
|
|
|a SNK
|b SNK
|y PREZ
|7 0
|p 17A1466804
|o snkOSB 20405/3
|i snk2021/15342
|8 0
|0 0
|1 0
|4 0
|d 2021-10-13
|l 0
|r 2026-02-23 20:45:55
|w 2026-02-23
|
| 952 |
|
|
|a SNK
|b SNK
|y PREZ
|7 0
|p 17A1466805
|o snkOSB 20405/4
|i snk2021/15344
|8 0
|0 0
|1 0
|4 0
|d 2021-10-13
|l 0
|r 2026-02-23 20:45:55
|w 2026-02-23
|